Mr. And Mrs. Iyer (Record no. 19836)

MARC details
000 -LEADER
fixed length control field 01597ngm a2200373 4500
003 - CONTROL NUMBER IDENTIFIER
control field dpl
005 - DATE AND TIME OF LATEST TRANSACTION
control field 20181218133129.0
007 - PHYSICAL DESCRIPTION FIXED FIELD--GENERAL INFORMATION
fixed length control field DVD
008 - FIXED-LENGTH DATA ELEMENTS--GENERAL INFORMATION
fixed length control field ||||||sp199 xxu|||||c ||| 00| 0 ng d
010 ## - LIBRARY OF CONGRESS CONTROL NUMBER
LC control number DVD-001485-1487 & DVD-005019-5024
024 ## - OTHER STANDARD IDENTIFIER
Standard number or code SHE DVD 188
Terms of availability 199.00
035 ## - SYSTEM CONTROL NUMBER
System control number DVD-001485-1487
035 ## - SYSTEM CONTROL NUMBER
System control number DVD-005019-5024
040 ## - CATALOGING SOURCE
Original cataloging agency DPL
Transcribing agency DPL
082 ## - DEWEY DECIMAL CLASSIFICATION NUMBER
Classification number DVD / MRAN
245 ## - TITLE STATEMENT
Title Mr. And Mrs. Iyer
Statement of responsibility, etc Triplecom Media Presents
Medium [videorecording] DVD/
260 ## - PUBLICATION, DISTRIBUTION, ETC. (IMPRINT)
Name of publisher, distributor, etc Shemaroo Video Pvt. Ltd.
300 ## - PHYSICAL DESCRIPTION
Extent 1 videodisc DVD; (126 min.) :
Other physical details sd., col. ;
Dimensions 4 3/4 in.
Type of unit DVD
440 ## - SERIES STATEMENT/ADDED ENTRY--TITLE
Title Shemaroo Home Entertainment
500 ## - GENERAL NOTE
General note Digitally Re-Mastered From the Original Film
500 ## - GENERAL NOTE
General note National Award Winner Best Director, Best Screenplay, Best Actress, Best Film on National Integration<br/>International Awards <br/>NETPAC Awards for the Best Asian Film and Junior Jury Second Prize for the Best Director<br/>Hawaiian Bank Golden Maile Award for Best Feature
538 ## - SYSTEM DETAILS NOTE
System details note Dolby Digital 5.1 - Hindi Subtitles: English
538 ## - SYSTEM DETAILS NOTE
System details note Anamorphic Wide Screen Format, Presented 2:35.1 Aspect Ratio Enhancaead for 16:9 Wide Screen
650 ## - SUBJECT ADDED ENTRY--TOPICAL TERM
Topical term or geographic name as entry element Motion Picture
700 ## - ADDED ENTRY--PERSONAL NAME
Personal name Sen, Aparna
700 ## - ADDED ENTRY--PERSONAL NAME
Personal name Hussain, Zakir
700 ## - ADDED ENTRY--PERSONAL NAME
Personal name Bose, Rahul
700 ## - ADDED ENTRY--PERSONAL NAME
Personal name Sen Sharma, Konkana
700 ## - ADDED ENTRY--PERSONAL NAME
Personal name Chauhan, Esha
700 ## - ADDED ENTRY--PERSONAL NAME
Personal name Sikri, Surekha
942 ## - ADDED ENTRY ELEMENTS (KOHA)
Item type CD-ROMs, DVDs, VHS
Source of classification or shelving scheme Dewey Decimal Classification
Classification part DVD
Call number suffix MRAN
Holdings
Withdrawn status Lost status Source of classification or shelving scheme Damaged status Not for loan Home library Current library Date acquired Source of acquisition Cost, normal purchase price Total Checkouts Full call number Barcode Date last seen Date last borrowed Copy number Cost, replacement price Price effective from Koha item type Total Renewals
    Dewey Decimal Classification     Central Library Central Library 15/12/2008 Purchase 199.00 44 DVD MRAN DVD-001485 29/04/2018 19/04/2018 1 199.00 15/12/2008 CD-ROMs, DVDs, VHS  
    Dewey Decimal Classification     Janak Puri Janak Puri 26/11/2009 Pioneers/885/29-10-09/325/13-10-09 /06-11-09 199.00 15 DVD MRAN DVD-005019 30/01/2014 18/01/2014 1 199.00 26/11/2009 CD-ROMs, DVDs, VHS  
    Dewey Decimal Classification     Karol Bagh Karol Bagh 26/11/2009 Pioneers/885/29-10-09/325/13-10-09 /06-11-09 199.00 9 DVD MRAN DVD-005022 12/08/2015 27/07/2015 1 199.00 26/11/2009 CD-ROMs, DVDs, VHS  
    Dewey Decimal Classification     Narela Narela 26/11/2009 Pioneers/885/29-10-09/325/13-10-09 /06-11-09 199.00 1 DVD MRAN DVD-005023 11/05/2011 03/05/2011 1 199.00 26/11/2009 CD-ROMs, DVDs, VHS  
    Dewey Decimal Classification     Patel Nagar Patel Nagar 15/12/2008 Purchase 199.00 22 DVD MRAN DVD-001487 30/11/2011 25/11/2011 1 199.00 15/12/2008 CD-ROMs, DVDs, VHS  
    Dewey Decimal Classification     R.K.Puram-8 R.K.Puram-8 26/11/2009 Pioneers/885/29-10-09/325/13-10-09 /06-11-09 199.00 2 DVD MRAN DVD-005020 08/03/2014 05/03/2014 1 199.00 26/11/2009 CD-ROMs, DVDs, VHS  
    Dewey Decimal Classification     Sarojini Nagar Sarojini Nagar 15/12/2008 Purchase 199.00 16 DVD MRAN DVD-001486 03/10/2011 17/09/2011 1 199.00 15/12/2008 CD-ROMs, DVDs, VHS 1
    Dewey Decimal Classification     Shahdara Branch Shahdara Branch 26/11/2009 Pioneers/885/29-10-09/325/13-10-09 /06-11-09 199.00   DVD MRAN DVD-005024 26/11/2009   1 199.00 26/11/2009 CD-ROMs, DVDs, VHS  
    Dewey Decimal Classification     Vinoba Puri Vinoba Puri 26/11/2009 Pioneers/885/29-10-09/325/13-10-09 /06-11-09 199.00 5 DVD MRAN DVD-005021 26/04/2013 05/04/2013 1 199.00 26/11/2009 CD-ROMs, DVDs, VHS 1

© Delhi Public Library
Hit Counter
free hit counter